Measurement and Determinants of Integrated Reporting Quality in EU-listed Firms Balanced Scorecard Perspectives
| Main Author: | |
|---|---|
| Format: | Thesis |
| Published: |
2024-10-24
|
| Subjects: | |
| doi: | 10.70616/BGE.2025.001 |
| Kulcsszavak: | Integrated reporting quality (IRQ) Integrated Reporting Adoption Balances Scorecard (BSC) IIRC Corporate Governance EU listed firms |
| Online Access: | http://publikaciotar.uni-bge.hu/2588 |
MARC
| LEADER | 00000nta a2200000 i 4500 | ||
|---|---|---|---|
| 001 | publ2588 | ||
| 005 | 20260126094331.0 | ||
| 008 | 260121s2024 hu om 000 zxx d | ||
| 024 | |a 10.70616/BGE.2025.001 |2 doi | ||
| 040 | |a BGE Publikációtár Repozitórium |b hun | ||
| 100 | 1 | |a Nada Omar Hassan Ali | |
| 245 | 1 | 0 | |a Measurement and Determinants of Integrated Reporting Quality in EU-listed Firms |b Balanced Scorecard Perspectives |c Nada Omar Hassan Ali |h [elektronikus dokumentum] |
| 260 | |c 2024-10-24 | ||
| 300 | |a 197 | ||
| 650 | 4 | |a közgazdaságtudományok | |
| 695 | |a Integrated reporting quality (IRQ) | ||
| 695 | |a Integrated Reporting Adoption | ||
| 695 | |a Balances Scorecard (BSC) | ||
| 695 | |a IIRC | ||
| 695 | |a Corporate Governance | ||
| 695 | |a EU listed firms | ||
| 856 | 4 | 0 | |u https://publikaciotar.uni-bge.hu/id/eprint/2588/1/PhD_dissertation_Nada_Omar_Hassan_Ali.pdf |z Dokumentum-elérés |
| 856 | 4 | 0 | |u https://publikaciotar.uni-bge.hu/id/eprint/2588/2/Thesis%20booklet_Nada_Omar_Hassan_Ali.pdf |z Dokumentum-elérés |